| 000 | 00400nam a2200169Ia 4500 | ||
|---|---|---|---|
| 100 | _aMasters/Ann L/ Wallace/H.R | ||
| 650 | _aPersonal development | ||
| 250 | _a10 | ||
| 942 | _cBK | ||
| 366 | _f27 | ||
| 654 | _apersonal development | ||
| 245 | _aPersonal development for life and work | ||
| 260 |
_bCengage Learning _c2011 |
||
| 082 |
_a371.2 _bMAS |
||
| 300 | _a462 | ||
| 546 |
_aENGLISH _cTTL |
||
| 999 |
_c28988 _d28988 |
||